000 00532nam a2200169 i 4500
001 107044
003 ES-MaACL
005 20230906184333.0
007 t|
008 061121s1965 sp r ||||1| cat d
100 1 _aMoreu-Rey, Enric.
_983494
245 1 4 _aEls noms de lloc
_b: introducció a la toponimia /
_cper Enric Moreu-Rey.
260 _aBarcelona :
_bUnió excursionista de Catalunya,
_c1965.
300 _a164 p. ;
_c18 cm.
650 4 _aNombres geográficos-
_zCataluña.
_9157056
852 _aES-MaACL
_jE-2504
_bR.56469
999 _c107044
_d107044